El marxismo, verdad y mito / (Record no. 64781)

MARC details
000 -LEADER
campo de control de longitud fija 00675nam a2200217 i 4500
001 - NÚMERO DE CONTROL
campo de control 64781
003 - IDENTIFICADOR DE NÚMERO DE CONTROL
campo de control ES-MaACL
005 - FECHA Y HORA DE LA ÚLTIMA TRANSACCIÓN
campo de control 20230906165217.0
007 - CAMPO FIJO DE DESCRIPCIÓN FÍSICA--INFORMACIÓN GENERAL
campo de control de longitud fija t|
008 - DATOS DE LONGITUD FIJA--INFORMACIÓN GENERAL
campo de control de longitud fija 040105s1963 sp ||||1| spa d
100 1# - ENTRADA PRINCIPAL--NOMBRE DE PERSONA
Nombre de persona Fougeyrollas, Pierre.
9 (RLIN) 51935
245 13 - MENCIÓN DEL TÍTULO
Título El marxismo, verdad y mito /
Mención de responsabilidad, etc. Pierre Fougeyrollas ; traducción, prólogo y notas de Antoni Jutglar.
250 ## - MENCION DE EDICION
Mención de edición [1ª ed. castellana].
260 ## - PUBLICACIÓN, DISTRIBUCIÓN, ETC.
Lugar de publicación, distribución, etc. Hospitalet :
Nombre del editor, distribuidor, etc. Nova Terra,
Fecha de publicación, distribución, etc. [1963]
300 ## - DESCRIPCIÓN FÍSICA
Extensión 203 p. ;
Dimensiones 17 cm.
490 1# - MENCIÓN DE SERIE
Mención de serie Colección Síntesis
700 1# - ENTRADA AGREGADA--NOMBRE PERSONAL
Nombre de persona Jutglar, Antoni.
9 (RLIN) 67368
830 0# - PUNTO DE ACCESO ADICIONAL DE SERIE-TÍTULO UNIFORME
Título uniforme Colección Síntesis
9 (RLIN) 181518
852 ## - LOCALIZACIÓN
Ubicación ES-MaACL
Número de control de estantería C-26116
Sublocalización o colección R.53659
Holdings
Estatus retirado Estado de pérdida Estado de daño No para préstamo Biblioteca de origen Biblioteca actual Ubicación en estantería Fecha de adquisición Fuente de adquisición Total de préstamos Signatura topográfica completa Código de barras Visto por última vez Precio de reemplazo Tipo de ítem Koha
        Biblioteca del Ateneo de Madrid Biblioteca del Ateneo de Madrid Depósito 2 17/01/2008     C-26116 1067877 23/02/2023 23/02/2023 Libro impreso